[Event "2006 U.S. Masters Championship"]
[Site "Hendersonville, NC"]
[Date "2006.03.14"]
[Round "2.2"]
[White "Harris, Neal D"]
[Black "Schroer, Jonathan"]
[Result "0-1"]
[WhiteElo "2204"]
[BlackElo "2462"]
[PlyCount "96"]
[EventDate "2006.03.11"]
[EventCountry "USA"]

 1. e4 c6 2. d4 d5 3. e5 Bf5 4. Nf3 e6 5. a3 Nd7 6. Be2 c5 7. Nc3 Ne7 8. Bg5 a6 9. Nh4 Bg6 10. O-O cxd4 11. Nxg6 hxg6 12. Bxe7 Bxe7 13. Qxd4 Nxe5 14. Rad1 Rc8 15. Qa4+ Qd7 16. Qb3 Qc7 17. g3 g5 18. Rc1 Qc6 19. Nb5 Qb6 20. Nc3 Qxb3 21. cxb3 f5 22. Na4 Kf7 23. Nb6 Rc6 24. Rxc6 Nxc6 25. Rc1 g4 26. b4 Nd4 27. Bd1 Bd6 28. Na4 Re8 29. Nc3 Rc8 30. Kf1 Be7 31. Ne2 Rxc1 32. Nxc1 Bd6 33. Ba4 Ke7 34. Kg2 e5 35. Nb3 Nxb3 36. Bxb3 Ke6 37. Kf1 e4 38. Ke2 Be5 39. a4 Bxb2 40. b5 a5 41. Ba2 Ke5 42. Bb3 d4 43. Bf7 d3+ 44. Kf1 g5 45. Bh5 Bc3 46. Bf7 b6 47. Bh5 Kd4 48. Bg6 f4 0-1

[Event "2006 U.S. Masters Championship"]
[Site "Hendersonville, NC"]
[Date "2006.03.14"]
[Round "2.2"]
[White "Smith, Bryan G"]
[Black "Jones, Craig W"]
[Result "1-0"]
[WhiteElo "2413"]
[BlackElo "2280"]
[PlyCount "43"]
[EventDate "2006.03.11"]
[EventCountry "USA"]

 1. e4 e6 2. d3 d5 3. Qe2 Nf6 4. Nf3 dxe4 5. dxe4 b6 6. Nbd2 Ba6 7. Nc4 Bc5 8. Bg5 Qd7 9. e5 Nd5 10. Qe4 h6 11. Bh4 Bb4+ 12. c3 Nxc3 13. bxc3 Bxc3+ 14. Ncd2 Bxf1 15. Kxf1 O-O 16. Rd1 Na6 17. Qc4 Bxd2 18. Qxa6 Qc6 19. Nxd2 g5 20. Bg3 Rfd8 21. Qe2 Qa4 22. Re1 1-0

[Event "2006 U.S. Masters Championship"]
[Site "Hendersonville, NC"]
[Date "2006.03.14"]
[Round "2.2"]
[White "Pupols, Viktors"]
[Black "Sarkar, Justin"]
[Result "0-1"]
[WhiteElo "2200"]
[BlackElo "2399"]
[PlyCount "112"]
[EventDate "2006.03.11"]
[EventCountry "USA"]

 1. d4 f5 2. g3 Nf6 3. Bg2 g6 4. b3 Bg7 5. Bb2 d6 6. Nd2 O-O 7. e4 fxe4 8. Nxe4 Nxe4 9. Bxe4 c5 10. Ne2 Nc6 11. O-O Bh3 12. Bg2 Bxg2 13. Kxg2 cxd4 14. Nxd4 Qb6 15. c3 Nxd4 16. cxd4 Rac8 17. Rc1 Rxc1 18. Qxc1 Qc6+ 19. Kg1 Rf3 20. Qd1 Qe4 21. Re1 Rd3 22. Qc1 Qc6 23. Qxc6 bxc6 24. Rxe7 Rd2 25. Bc3 Rc2 26. Re3 Rxa2 27. Rd3 Rc2 28. Bb4 c5 29. dxc5 dxc5 30. Bd2 Bd4 31. b4 cxb4 32. Bxb4 Bxf2+ 33. Kf1 Bb6 34. h4 Rf2+ 35. Ke1 Rb2 36. Ba3 Rg2 37. Rf3 h5 38. Bd6 Rc2 39. Rf8+ Kg7 40. Rf3 Rc6 41. Bf8+ Kg8 42. Ba3 a5 43. Kd2 Bd4 44. Rd3 Rc4 45. Rb3 Be5 46. Re3 Bf6 47. Ke2 a4 48. Rf3 Rc3 49. Rxc3 Bxc3 50. g4 Kf7 51. gxh5 gxh5 52. Bc1 Ke6 53. Kd3 Be1 54. Kc4 Bxh4 55. Kb4 Bf2 56. Kxa4 h4 0-1

[Event "2006 U.S. Masters Championship"]
[Site "Hendersonville, NC"]
[Date "2006.03.14"]
[Round "2.2"]
[White "Magar, Thomas P"]
[Black "Sharp, Dale E"]
[Result "1-0"]
[WhiteElo "2200"]
[BlackElo "2203"]
[PlyCount "93"]
[EventDate "2006.03.11"]
[EventCountry "USA"]

 1. d4 e6 2. c4 f5 3. g3 Nf6 4. Bg2 Be7 5. Nf3 O-O 6. O-O Qe8 7. b3 d6 8. Bb2 Nbd7 9. Nc3 e5 10. dxe5 dxe5 11. Nb5 Bd8 12. Ba3 e4 13. Nfd4 Rf7 14. Nxf5 Ng4 15. Nfd6 cxd6 16. Nxd6 Qe6 17. Bxe4 Qh6 18. h4 Nde5 19. Nxf7 Nxf7 20. Bd5 Bf6 21. Bxf7+ Kxf7 22. Qd5+ Kg6 23. Rad1 a5 24. Bc1 Qh5 25. Qg8 Ne5 26. Qe8+ Nf7 27. Rd5 Be5 28. Bf4 Bh3 29. Qe7 Ra6 30. Re1 Re6 31. Qxb7 Qg4 32. Bxe5 Nxe5 33. Rxa5 h6 34. Ra7 Kh7 35. Kh2 Rg6 36. Ra6 Qf5 37. Rxg6 Nxg6 38. Qf3 Qe6 39. Qd3 Bg4 40. f3 Bh5 41. Qd5 Qb6 42. Kg2 Qb4 43. Rf1 Qc3 44. Qxh5 Ne5 45. Qf5+ Kh8 46. Qe4 Qb2 47. Rd1 1-0

[Event "2006 U.S. Masters Championship"]
[Site "Hendersonville, NC"]
[Date "2006.03.14"]
[Round "2.2"]
[White "Fouts, Matthew A"]
[Black "Hathaway, Mark S"]
[Result "1-0"]
[WhiteElo "2007"]
[BlackElo "2138"]
[PlyCount "69"]
[EventDate "2006.03.11"]
[EventCountry "USA"]

 1. e4 c5 2. Nf3 e6 3. d4 cxd4 4. Nxd4 a6 5. Be2 Nf6 6. Nc3 Qc7 7. a3 b6 8. O-O Bb7 9. Bf3 Nc6 10. Nb3 Ne5 11. Bf4 Bd6 12. Kh1 h6 13. Nd4 Bc6 14. Nxc6 dxc6 15. Be2 Rd8 16. Qe1 b5 17. Be3 Neg4 18. Bxg4 Nxg4 19. f4 e5 20. f5 Qe7 21. Bg1 h5 22. h3 Nf6 23. Qg3 Kf8 24. Rad1 h4 25. Qe3 Nh5 26. Ne2 Qc7 27. Qg5 Nf6 28. Nc3 a5 29. Qe3 Ke7 30. Rd2 b4 31. axb4 axb4 32. Na4 Qa5 33. b3 Ne8 34. Rfd1 Rh5 35. Qf3 1-0

[Event "2006 U.S. Masters Championship"]
[Site "Hendersonville, NC"]
[Date "2006.03.14"]
[Round "2.2"]
[White "Haessel, Dale R"]
[Black "Rupel, David G"]
[Result "1-0"]
[WhiteElo "2158"]
[BlackElo "2074"]
[PlyCount "55"]
[EventDate "2006.03.11"]
[EventCountry "USA"]

 1. c4 Nf6 2. g3 e5 3. Bg2 c6 4. d4 d6 5. Nc3 Nbd7 6. e4 Be7 7. Nge2 O-O 8. O-O Re8 9. h3 Bf8 10. Be3 Qc7 11. g4 exd4 12. Bxd4 Ne5 13. b3 Nfd7 14. Qd2 b6 15. Ng3 Nc5 16. f4 Ng6 17. Nf5 Ne6 18. Be3 Bb7 19. Rad1 Rad8 20. h4 d5 21. cxd5 cxd5 22. Nxd5 Bxd5 23. exd5 Bc5 24. d6 Nexf4 25. dxc7 Rxd2 26. Rxd2 Rxe3 27. c8=Q+ Re8+ 28. Qxc5 1-0

[Event "2006 U.S. Masters Championship"]
[Site "Hendersonville, NC"]
[Date "2006.03.14"]
[Round "2.2"]
[White "Shaw, Tenzing W"]
[Black "Smith, Garrett L"]
[Result "1-0"]
[WhiteElo "2112"]
[BlackElo "2010"]
[PlyCount "73"]
[EventDate "2006.03.11"]
[EventCountry "USA"]

 1. c4 Nf6 2. g3 g6 3. Bg2 Bg7 4. Nc3 d6 5. e4 O-O 6. Nge2 e5 7. O-O Nc6 8. d3 Nh5 9. f3 f5 10. exf5 gxf5 11. f4 exf4 12. Nxf4 Nxf4 13. Bxf4 Nd4 14. Qd2 c6 15. Rae1 Be6 16. Kh1 Qd7 17. b4 Rac8 18. Bh6 b5 19. Bxg7 Kxg7 20. Qe3 c5 21. Nxb5 Nxb5 22. Qxe6 Qxe6 23. Rxe6 Nc3 24. Rxd6 cxb4 25. Rd7+ Rf7 26. Rxf7+ Kxf7 27. Rxf5+ Kg6 28. Ra5 Re8 29. Be4+ Nxe4 30. dxe4 Rxe4 31. c5 Rc4 32. Kg2 Rc2+ 33. Kf3 Rxh2 34. Ke4 Rg2 35. c6 Rc2 36. Kd5 Kg5 37. Rc5 1-0

[Event "2006 U.S. Masters Championship"]
[Site "Hendersonville, NC"]
[Date "2006.03.14"]
[Round "2.2"]
[White "Kobernat, Alan E"]
[Black "Brookshear, Timothy"]
[Result "0-1"]
[WhiteElo "2036"]
[BlackElo "2000"]
[PlyCount "48"]
[EventDate "2006.03.11"]
[EventCountry "USA"]

 1. e4 c6 2. d4 d5 3. exd5 cxd5 4. Bd3 Nc6 5. c3 Nf6 6. Nf3 Bg4 7. Bf4 e6 8. Nbd2 Be7 9. Qb3 Qc8 10. O-O O-O 11. Rfe1 Bh5 12. Ne5 Nxe5 13. Bxe5 Bg6 14. Bxg6 hxg6 15. a4 Qd7 16. Qb5 a6 17. Qb6 Rfc8 18. a5 Qb5 19. Bxf6 Qxb6 20. axb6 gxf6 21. Nb3 Rc6 22. Na5 Rxb6 23. b4 Rb5 24. g3 Rc8 0-1

[Event "2006 U.S. Masters Championship"]
[Site "Hendersonville, NC"]
[Date "2006.03.12"]
[Round "3.1"]
[White "Ardaman, Miles F"]
[Black "Aliev, Timur"]
[Result "1-0"]
[WhiteElo "2377"]
[BlackElo "2327"]
[PlyCount "88"]
[EventDate "2006.03.11"]
[EventCountry "USA"]

 1. g3 g6 2. Bg2 Bg7 3. Nc3 e5 4. d3 d6 5. b4 Ne7 6. e3 c6 7. Nge2 Bg4 8. Qd2 O-O 9. a4 d5 10. Ba3 Re8 11. h3 Be6 12. O-O Nd7 13. Rab1 h5 14. Rfe1 h4 15. g4 Nf8 16. b5 Qd7 17. f4 exf4 18. Nxf4 Bxg4 19. bxc6 bxc6 20. hxg4 Qxg4 21. Nd1 Nf5 22. Qf2 Be5 23. Rf1 Ng3 24. Qf3 Qxf3 25. Rxf3 g5 26. Rxg3 hxg3 27. Nh5 Rab8 28. Rc1 d4 29. Bc5 Nd7 30. Bxa7 Ra8 31. Bxd4 Bxd4 32. exd4 Re1+ 33. Bf1 Rxa4 34. Nxg3 Rxd4 35. Ne2 Rh4 36. Kf2 Rxf1+ 37. Kxf1 f5 38. Nf2 Ne5 39. Ra1 f4 40. Ra5 Nf7 41. Kg2 Kg7 42. Kf3 Rh2 43. Rc5 Kg6 44. Ng4 Rh5 1-0

[Event "2006 U.S. Masters Championship"]
[Site "Hendersonville, NC"]
[Date "2006.03.12"]
[Round "3.1"]
[White "Chumachenko, Andrey"]
[Black "Newton, Frankie"]
[Result "1-0"]
[WhiteElo "2452"]
[BlackElo "2283"]
[PlyCount "43"]
[EventDate "2006.03.11"]
[EventCountry "USA"]

 1. d4 e6 2. Nf3 f5 3. d5 Be7 4. dxe6 dxe6 5. Qxd8+ Bxd8 6. Nc3 Ne7 7. e4 fxe4 8. Nxe4 O-O 9. Bd2 Nd7 10. O-O-O Nf6 11. Nxf6+ gxf6 12. Bc4 Kf7 13. Rhe1 c6 14. Bb4 Re8 15. Bxe7 Bxe7 16. Nd4 Bf8 17. f4 f5 18. Nxf5 Kf6 19. g4 b5 20. Bd3 Bd7 21. g5+ Kf7 22. Ng3 1-0

[Event "2006 U.S. Masters Championship"]
[Site "Hendersonville, NC"]
[Date "2006.03.12"]
[Round "3.1"]
[White "Burnett, Ronald W"]
[Black "Cheng, Xiao"]
[Result "1-0"]
[WhiteElo "2424"]
[BlackElo "2292"]
[PlyCount "91"]
[EventDate "2006.03.11"]
[EventCountry "USA"]

 1. Nf3 Nf6 2. c4 e6 3. Nc3 d5 4. d4 c6 5. cxd5 exd5 6. Bg5 Be7 7. Qc2 g6 8. e3 Bf5 9. Bd3 Bxd3 10. Qxd3 O-O 11. Bxf6 Bxf6 12. b4 a6 13. O-O Nd7 14. a4 b5 15. a5 Qe7 16. Na2 Rfc8 17. Qb1 Bg7 18. Nc1 Bf8 19. Nd3 Qe6 20. Nd2 Nf6 21. Nb3 Ne4 22. Qc2 Nd6 23. Nbc5 Qf5 24. Rae1 Nc4 25. Re2 Re8 26. Rfe1 Bg7 27. Nb3 Kh8 28. Ndc5 Qg5 29. e4 dxe4 30. Rxe4 Rxe4 31. Qxe4 Qf6 32. Nxa6 Nd6 33. Qxc6 Rc8 34. Qf3 Nf5 35. Nc7 Qd6 36. Nd5 h5 37. Nc5 Bxd4 38. Nd3 Rd8 39. N5f4 Bc3 40. Rf1 Bd2 41. g3 Nh6 42. Nc5 Qe7 43. a6 Nf5 44. Rd1 Nd4 45. Qb7 Ne2+ 46. Kf1 1-0

[Event "2006 U.S. Masters Championship"]
[Site "Hendersonville, NC"]
[Date "2006.03.12"]
[Round "3.1"]
[White "Potter, J Russell"]
[Black "Privman, Boris"]
[Result "1/2-1/2"]
[WhiteElo "2215"]
[BlackElo "2338"]
[PlyCount "37"]
[EventDate "2006.03.11"]
[EventCountry "USA"]

 1. d4 e6 2. c4 d5 3. Nc3 f5 4. e3 Nf6 5. Bd3 c6 6. Nge2 Bd6 7. Qc2 O-O 8. f3 Nbd7 9. Bd2 a6 10. e4 fxe4 11. fxe4 dxe4 12. Nxe4 Nxe4 13. Bxe4 Nf6 14. Bg5 Qa5+ 15. Bd2 Bb4 16. Bf3 e5 17. dxe5 Bxd2+ 18. Qxd2 Qxe5 19. Qd4 1/2-1/2

[Event "2006 U.S. Masters Championship"]
[Site "Hendersonville, NC"]
[Date "2006.03.12"]
[Round "3.1"]
[White "Simpson, Ronald"]
[Black "Daniel, Justin D"]
[Result "1-0"]
[WhiteElo "2265"]
[BlackElo "2184"]
[PlyCount "85"]
[EventDate "2006.03.11"]
[EventCountry "USA"]

 1. Nf3 Nf6 2. c4 c6 3. d4 d5 4. Qc2 a6 5. g3 e6 6. Bg2 b5 7. b3 Nbd7 8. O-O Bb7 9. Nbd2 c5 10. cxd5 exd5 11. dxc5 Bxc5 12. Bb2 O-O 13. Rac1 Re8 14. e3 Bd6 15. Rfd1 Qe7 16. Nd4 Rac8 17. Qb1 Ba3 18. Rxc8 Rxc8 19. Ba1 Rc7 20. Nc2 Bd6 21. Rc1 Ne5 22. Nd4 Bc8 23. N2f3 Rxc1+ 24. Qxc1 Qc7 25. Qxc7 Bxc7 26. Kf1 Bd7 27. Nc2 Nc6 28. Bxf6 gxf6 29. Nfd4 Nxd4 30. Nxd4 Be6 31. Ke2 Kf8 32. f4 f5 33. Bh3 Bb6 34. Bxf5 Bxd4 35. Bxe6 Bxe3 36. Kxe3 fxe6 37. Kd4 h5 38. h3 Kf7 39. Ke5 Kg6 40. g4 h4 41. f5+ exf5 42. gxf5+ Kg5 43. f6 1-0

[Event "2006 U.S. Masters Championship"]
[Site "Hendersonville, NC"]
[Date "2006.03.12"]
[Round "3.1"]
[White "Dana, Maurice"]
[Black "Cao, Tony"]
[Result "0-1"]
[WhiteElo "2200"]
[BlackElo "2099"]
[PlyCount "78"]
[EventDate "2006.03.11"]
[EventCountry "USA"]

 1. e4 c5 2. Nf3 d6 3. d4 cxd4 4. Nxd4 Nf6 5. Nc3 a6 6. Bc4 e6 7. O-O b5 8. Bb3 Be7 9. f4 Bb7 10. a3 O-O 11. f5 e5 12. Nde2 Nbd7 13. Ng3 Rc8 14. Bg5 Nb6 15. Qe2 Nc4 16. Bxc4 Rxc4 17. Rad1 Qb6+ 18. Kh1 Rfc8 19. Bxf6 Bxf6 20. Nh5 b4 21. axb4 Qxb4 22. Qg4 Kf8 23. Nxg7 Bxe4 24. Nh5 Bxc2 25. Qg3 Rg4 26. Qf3 Bxd1 27. Rxd1 Bg5 28. f6 Rd4 29. Rf1 Qxb2 30. Qf5 Qxc3 31. Qxg5 Qc4 32. Ng3 Rg4 33. Qh6+ Ke8 34. Rg1 Qf4 35. Qxh7 Rc1 36. Qh8+ Kd7 37. Qa8 Rxg1+ 38. Kxg1 Qe3+ 39. Kf1 Rf4+ 0-1

[Event "2006 U.S. Masters Championship"]
[Site "Hendersonville, NC"]
[Date "2006.03.12"]
[Round "3.1"]
[White "Vest, David"]
[Black "Lopez II, Nelson M"]
[Result "0-1"]
[WhiteElo "2072"]
[BlackElo "2087"]
[PlyCount "116"]
[EventDate "2006.03.11"]
[EventCountry "USA"]

 1. c4 e5 2. Nc3 Bb4 3. d4 exd4 4. Qxd4 Qf6 5. Qxf6 Nxf6 6. Bd2 d6 7. Nd5 Nxd5 8. cxd5 Bc5 9. b4 Bb6 10. a4 a5 11. b5 Bf5 12. f3 Nd7 13. e4 Bg6 14. h4 f5 15. h5 Bf7 16. Bc3 O-O 17. h6 gxh6 18. Ne2 fxe4 19. Nf4 Rae8 20. Kd1 exf3 21. Rh3 fxg2 22. Bxg2 Re3 23. Rxe3 Bxe3 24. Ne6 Bh5+ 25. Kc2 Rf2+ 26. Kd3 Bb6 27. Bh1 Nc5+ 28. Nxc5 Bxc5 29. Bxa5 Bg6+ 30. Kc4 b6 31. Bc3 Bc2 32. Rg1+ Kf8 33. Bg7+ Kf7 34. Bxh6 Rf4+ 35. Bxf4 Bxg1 36. Bg5 Bxa4 37. Be4 h5 38. Bd8 Bd1 39. Bh4 Be2+ 40. Bd3 Bf3 41. Bf5 Bg2 42. Bh7 Be3 43. Kd3 Bf4 44. Kc4 Be5 45. Bd8 Bg3 46. Bf5 h4 47. Bxc7 h3 48. Bxh3 Bxh3 49. Bxb6 Bf1+ 50. Kb4 Be1+ 51. Ka4 Bc4 52. Bc7 Ke7 53. b6 Bxd5 54. Kb5 Bb7 55. Bb8 Kd7 56. Bc7 Bh4 57. Bb8 Bd8 58. Ba7 Kc8 0-1

[Event "2006 U.S. Masters Championship"]
[Site "Hendersonville, NC"]
[Date "2006.03.12"]
[Round "3.1"]
[White "Tae, Patrick J"]
[Black "Bereolos, Peter J"]
[Result "0-1"]
[WhiteElo "2060"]
[BlackElo "2316"]
[PlyCount "88"]
[EventDate "2006.03.11"]
[EventCountry "USA"]

 1. e4 e5 2. Nf3 Nc6 3. Bc4 Bc5 4. c3 Nf6 5. d3 d6 6. Bb3 O-O 7. Nbd2 Ng4 8. O-O Kh8 9. h3 Nh6 10. Nc4 f5 11. Bxh6 gxh6 12. exf5 Bxf5 13. d4 exd4 14. cxd4 Bb6 15. Nxb6 axb6 16. Kh2 Qf6 17. Rc1 Be4 18. Ne1 d5 19. f3 Bg6 20. g3 Nxd4 21. Rxc7 Nf5 22. Rg1 Qxb2+ 23. Rg2 Qe5 24. Rd7 Ne3 25. Rxd5 Nxd5 26. Qxd5 Qxd5 27. Bxd5 Bf7 28. Bxf7 Rxf7 29. f4 Re7 30. Nd3 Re3 31. Nb4 Rae8 32. Nd5 Re2 33. a4 Rxg2+ 34. Kxg2 Ra8 35. Nc3 Rc8 36. Nd5 b5 37. axb5 Rc5 38. Ne3 Rxb5 39. Kf2 Rb2+ 40. Kf3 b5 41. Nf5 b4 42. Ke3 Rc2 43. Kd3 Rc5 44. Nd4 Rc3+ 0-1

[Event "2006 U.S. Masters Championship"]
[Site "Hendersonville, NC"]
[Date "2006.03.12"]
[Round "3.1"]
[White "Francis, Benjamin"]
[Black "Harris, Neal D"]
[Result "1/2-1/2"]
[WhiteElo "2048"]
[BlackElo "2204"]
[PlyCount "120"]
[EventDate "2006.03.11"]
[EventCountry "USA"]

 1. e4 c5 2. Nf3 Nc6 3. d4 cxd4 4. Nxd4 e5 5. Nb5 Nf6 6. N1c3 Bb4 7. a3 Bxc3+ 8. Nxc3 h6 9. Be3 O-O 10. Be2 d6 11. f3 Ne7 12. Nd5 Nfxd5 13. exd5 Qa5+ 14. Bd2 Qxd5 15. Bb4 Rd8 16. Bd3 a5 17. Bd2 Bf5 18. Bxf5 Nxf5 19. O-O Qd4+ 20. Kh1 Ne3 21. Bxe3 Qxe3 22. Qd5 Qb6 23. f4 Qc6 24. Rad1 Qxd5 25. Rxd5 f6 26. Rfd1 exf4 27. Rxd6 Rxd6 28. Rxd6 Rc8 29. c3 Rc6 30. Rd7 Rb6 31. b4 axb4 32. cxb4 Rc6 33. Kg1 b5 34. Rb7 Rc3 35. Rxb5 Rxa3 36. Rf5 Rb3 37. Rxf4 Rb2 38. h4 Kf7 39. Kh2 Ke6 40. h5 f5 41. Kh3 Rb3+ 42. Kh2 Ke5 43. g3 Rb2+ 44. Kh3 Rb1 45. Kg2 Kf6 46. g4 Kg5 47. Rxf5+ Kxg4 48. Rf7 Rb2+ 49. Kf1 Kxh5 50. Rxg7 Rxb4 51. Kg2 Kh4 52. Kh2 h5 53. Rg8 Rb2+ 54. Rg2 Rb4 55. Rg7 Rg4 56. Rxg4+ hxg4 57. Kg2 g3 58. Kg1 Kh3 59. Kh1 Kg4 60. Kg1 Kf4 1/2-1/2

[Event "2006 U.S. Masters Championship"]
[Site "Hendersonville, NC"]
[Date "2006.03.15"]
[Round "3.2"]
[White "Schroer, Jonathan"]
[Black "Smith, Bryan G"]
[Result "1/2-1/2"]
[WhiteElo "2462"]
[BlackElo "2413"]
[PlyCount "108"]
[EventDate "2006.03.11"]
[EventCountry "USA"]

 1. d4 Nf6 2. c4 g6 3. Nf3 Bg7 4. g3 O-O 5. Bg2 c6 6. O-O d5 7. cxd5 cxd5 8. Ne5 e6 9. e3 Nc6 10. Nd3 b6 11. b3 a5 12. a4 Ba6 13. Ba3 Re8 14. Re1 Rc8 15. Ra2 Bxd3 16. Qxd3 Bf8 17. Nc3 Bxa3 18. Rxa3 Nb4 19. Qd2 Ne4 20. Nxe4 Nc2 21. Rc1 Nxa3 22. Rxc8 Qxc8 23. Nf6+ Kg7 24. Nxe8+ Qxe8 25. e4 Qc6 26. exd5 exd5 27. Qg5 Nc2 28. Bxd5 Qf6 29. Qxf6+ Kxf6 30. f4 Ke7 31. Kf2 f6 32. Ke2 Nxd4+ 33. Kd3 Nf5 34. Bg8 h6 35. g4 Nh4 36. Bd5 Kd6 37. Kd4 Kd7 38. Kc4 Kd6 39. Bh1 f5 40. g5 hxg5 41. fxg5 f4 42. Kd4 f3 43. Ke3 Nf5+ 44. Kxf3 Ke5 45. Ke2 Nd4+ 46. Ke3 Nxb3 47. Be4 Nc5 48. Bxg6 Nxa4 49. h4 Nc5 50. h5 Ne6 51. h6 Nxg5 52. h7 Nxh7 53. Bxh7 Kd5 54. Kd3 Kc5 1/2-1/2

[Event "2006 U.S. Masters Championship"]
[Site "Hendersonville, NC"]
[Date "2006.03.15"]
[Round "3.2"]
[White "Sarkar, Justin"]
[Black "Margvelashvili, Giorgi"]
[Result "1/2-1/2"]
[WhiteElo "2399"]
[BlackElo "2463"]
[PlyCount "26"]
[EventDate "2006.03.11"]
[EventCountry "USA"]

 1. d4 d5 2. c4 e6 3. Nc3 Nf6 4. cxd5 exd5 5. Bg5 c6 6. Qc2 Na6 7. a3 g6 8. e3 Nc7 9. Bd3 Be7 10. Nge2 Ne6 11. Bh4 Ng7 12. f3 O-O 13. b4 a5 1/2-1/2

[Event "2006 U.S. Masters Championship"]
[Site "Hendersonville, NC"]
[Date "2006.03.15"]
[Round "3.2"]
[White "Ludwig, Daniel J"]
[Black "Fouts, Matthew A"]
[Result "1/2-1/2"]
[WhiteElo "2331"]
[BlackElo "2007"]
[PlyCount "143"]
[EventDate "2006.03.11"]
[EventCountry "USA"]

 1. d4 d5 2. c4 c6 3. Nc3 dxc4 4. a4 e5 5. dxe5 Qxd1+ 6. Nxd1 Be6 7. Nf3 Nd7 8. Nc3 Ne7 9. Nd4 Nd5 10. f4 Nxc3 11. bxc3 Nc5 12. Nxe6 fxe6 13. g3 Nb3 14. Rb1 Bc5 15. Bh3 Ke7 16. e4 Rad8 17. f5 Nxc1 18. Rxb7+ Rd7 19. f6+ gxf6 20. exf6+ Ke8 21. Rb8+ Rd8 22. Rxd8+ Kxd8 23. Kd2 Nd3 24. Bxe6 Nf2 25. Re1 Re8 26. Bf5 Nd3 27. Rf1 Nf2 28. Re1 Nd3 29. Rf1 Rf8 30. Be6 Nf2 31. e5 Re8 32. Bxc4 Rxe5 33. f7 Ke7 34. Kc2 Kf8 35. Rb1 Kg7 36. Rb7 h5 37. f8=Q+ Kxf8 38. Rf7+ Ke8 39. Rh7 Ng4 40. Bf7+ Kf8 41. Bxh5 Kg8 42. Bg6 Re2+ 43. Kb3 Rxh2 44. Rc7 Ne5 45. Be4 Rh6 46. g4 Bb6 47. Rc8+ Kf7 48. g5 Rh5 49. g6+ Nxg6 50. Rxc6 Ne7 51. Rd6 Re5 52. Bd3 Rc5 53. Bc4+ Ke8 54. Bb5+ Kf7 55. Bc4+ Kf8 56. Rd7 Nc6 57. Bb5 Na5+ 58. Kb4 Rg5 59. Bd3 Ke8 60. Rh7 Kd8 61. Rh8+ Kc7 62. Rh7+ Kd6 63. Rh6+ Ke5 64. c4 Rg3 65. c5 Bxc5+ 66. Kxc5 Rxd3 67. Ra6 Rd5+ 68. Kb4 Nb7 69. Rxa7 Nc5 70. a5 Kd4 71. a6 Nxa6+ 72. Rxa6 1/2-1/2

[Event "2006 U.S. Masters Championship"]
[Site "Hendersonville, NC"]
[Date "2006.03.15"]
[Round "3.2"]
[White "Jones, Craig W"]
[Black "Pupols, Viktors"]
[Result "1/2-1/2"]
[WhiteElo "2280"]
[BlackElo "2200"]
[PlyCount "118"]
[EventDate "2006.03.11"]
[EventCountry "USA"]

 1. d4 c5 2. dxc5 e6 3. Nc3 Bxc5 4. Ne4 d5 5. Nxc5 Qa5+ 6. c3 Qxc5 7. Qd4 Qxd4 8. cxd4 Nc6 9. Nf3 Nb4 10. Kd1 Nf6 11. Bd2 Nc6 12. e3 Ne4 13. Be1 O-O 14. Ne5 Nxe5 15. dxe5 Bd7 16. f3 Nc5 17. Bb4 Rfc8 18. Bc3 Bc6 19. Kd2 Nd7 20. Bd3 f6 21. exf6 gxf6 22. g4 Ne5 23. Bxe5 fxe5 24. Rhf1 Rc7 25. f4 e4 26. Be2 Re8 27. Rac1 Rd7 28. Kc3 e5 29. fxe5 Rxe5 30. Kd4 Ree7 31. Rf5 Rd6 32. h4 Kg7 33. Rcf1 h6 34. R1f2 Rdd7 35. Rf6 Rc7 36. Bd1 Bb5 37. Bb3 Bc4 38. h5 Bxb3 39. Rg6+ Kh7 40. axb3 Rc6 41. Rff6 Rxf6 42. Rxf6 Rg7 43. Rf4 Rg5 44. Kc5 Kg8 45. Kd6 Kh8 46. Rf7 Rxg4 47. Kxd5 Rg5+ 48. Kxe4 Rb5 49. Re7 Kg8 50. Rc7 Rxb3 51. Kf5 Rb5+ 52. Kg6 Rb6+ 53. Kf5 Rb5+ 54. Kf4 Rxb2 55. e4 a5 56. Kf5 a4 57. Kf6 Rb6+ 58. Ke7 a3 59. Rc1 a2 1/2-1/2

[Event "2006 U.S. Masters Championship"]
[Site "Hendersonville, NC"]
[Date "2006.03.15"]
[Round "3.2"]
[White "Pohl, Klaus A"]
[Black "Haessel, Dale R"]
[Result "1-0"]
[WhiteElo "2214"]
[BlackElo "2158"]
[PlyCount "67"]
[EventDate "2006.03.11"]
[EventCountry "USA"]

 1. e4 c5 2. Nf3 d6 3. Bb5+ Nd7 4. O-O Ngf6 5. Re1 a6 6. Bf1 b6 7. d4 cxd4 8. Nxd4 Bb7 9. Nc3 e6 10. g3 Be7 11. Bg2 Qc7 12. a4 O-O 13. Bg5 Rfe8 14. Qe2 Rac8 15. h4 h6 16. Be3 Bf8 17. Rad1 Qc4 18. Qxc4 Rxc4 19. Nde2 Rec8 20. Rd4 Ne5 21. Rxc4 Nxc4 22. Bc1 Nd7 23. Rd1 Nce5 24. Bf4 Be7 25. Be3 Nc5 26. f4 Nc6 27. Nd4 Nb4 28. Bf2 Kf8 29. Rd2 Bf6 30. Nde2 Ke7 31. Bxc5 bxc5 32. e5 dxe5 33. Bxb7 Rb8 34. fxe5 1-0

[Event "2006 U.S. Masters Championship"]
[Site "Hendersonville, NC"]
[Date "2006.03.15"]
[Round "3.2"]
[White "Harris, David"]
[Black "Harris, Neal D"]
[Result "0-1"]
[WhiteElo "2130"]
[BlackElo "2204"]
[PlyCount "90"]
[EventDate "2006.03.11"]
[EventCountry "USA"]

 1. e4 c5 2. Nf3 Nf6 3. e5 Nd5 4. b3 g6 5. Bb2 Bg7 6. Nc3 Nxc3 7. Bxc3 O-O 8. h3 a6 9. Bd3 d5 10. O-O Nc6 11. Re1 Qc7 12. Bb2 b5 13. a4 Rb8 14. axb5 axb5 15. Bf1 d4 16. Qe2 h6 17. d3 Be6 18. Bc1 Ra8 19. Bf4 Nb4 20. g4 Ra5 21. Rxa5 Qxa5 22. Bd2 Qa3 23. Bxb4 Qxb4 24. Ra1 Bd5 25. Bg2 e6 26. Nd2 Qc3 27. Ra2 Qb4 28. Bxd5 exd5 29. f4 Re8 30. Nf3 c4 31. Nxd4 cxb3 32. Nxb3 Qxf4 33. d4 Qg3+ 34. Qg2 Qe1+ 35. Qf1 Qg3+ 36. Qg2 Qe3+ 37. Kh1 Rc8 38. Ra1 Rc3 39. Kh2 Qf4+ 40. Kh1 Rg3 41. Rf1 Qe3 42. Qf2 Rxh3+ 43. Kg2 Qxf2+ 44. Rxf2 Rc3 45. Nc5 Bxe5 0-1

[Event "2006 U.S. Masters Championship"]
[Site "Hendersonville, NC"]
[Date "2006.03.15"]
[Round "3.2"]
[White "Shaw, Tenzing W"]
[Black "Magar, Thomas P"]
[Result "1-0"]
[WhiteElo "2112"]
[BlackElo "2200"]
[PlyCount "88"]
[EventDate "2006.03.11"]
[EventCountry "USA"]

 1. c4 g6 2. g3 Bg7 3. Bg2 d6 4. Nc3 e5 5. e4 Nc6 6. Nge2 Be6 7. d3 Qd7 8. Nd5 h6 9. Be3 Nge7 10. O-O Nd4 11. Nxd4 exd4 12. Bd2 c6 13. Nf4 O-O 14. b4 Rae8 15. a4 Kh7 16. a5 a6 17. Qa4 Qc7 18. Nxe6 fxe6 19. Rfc1 e5 20. Rab1 Rb8 21. Rb3 Ng8 22. Qa3 Nf6 23. Rcb1 Rfd8 24. b5 Bf8 25. Qb2 axb5 26. cxb5 c5 27. Qc2 Qf7 28. Qc4 Qxc4 29. dxc4 d5 30. exd5 Bd6 31. f3 Ra8 32. Re1 Re8 33. Kf2 g5 34. h3 Re7 35. Bf1 Rf8 36. Bd3+ Kg7 37. Kg2 Ref7 38. Re2 Nxd5 39. cxd5 Rxf3 40. Be1 h5 41. Bc4 g4 42. hxg4 hxg4 43. Re4 R3f6 44. Rxg4+ Kf7 1-0

[Event "2006 U.S. Masters Championship"]
[Site "Hendersonville, NC"]
[Date "2006.03.15"]
[Round "3.2"]
[White "Brookshear, Timothy"]
[Black "Sharp, Dale E"]
[Result "1/2-1/2"]
[WhiteElo "2000"]
[BlackElo "2203"]
[PlyCount "103"]
[EventDate "2006.03.11"]
[EventCountry "USA"]

 1. d4 e6 2. Nf3 f5 3. e3 Nf6 4. Nbd2 d5 5. c4 c6 6. b3 Bd6 7. Bb2 O-O 8. Bd3 Ne4 9. Qe2 Bd7 10. Ne5 Be8 11. h4 Nd7 12. Nxd7 Qxd7 13. O-O-O a5 14. c5 Bc7 15. a3 b6 16. Bxe4 fxe4 17. Kb1 bxc5 18. dxc5 e5 19. h5 Qf5 20. Rdf1 Bd7 21. Ka1 Rab8 22. f3 exf3 23. gxf3 Qe6 24. Rfg1 Rf7 25. Rg2 Rb5 26. Rhg1 Rxc5 27. Rg5 Rc2 28. Qd3 Rxb2 29. Kxb2 Bd8 30. R5g2 Qh6 31. e4 Be6 32. Rg6 hxg6 33. Rxg6 Qxh5 34. Rxe6 Bg5 35. exd5 cxd5 36. Re8+ Rf8 37. Qxd5+ Qf7 38. Qxf7+ Kxf7 39. Rxf8+ Kxf8 40. Nc4 Bd8 41. Kc2 Bc7 42. Kd3 Ke7 43. Ke4 Ke6 44. b4 axb4 45. axb4 Bb8 46. b5 Bc7 47. Ne3 g6 48. Nc4 Bb8 49. b6 g5 50. Na5 Kd6 51. Nc4+ Ke6 52. Na5 1/2-1/2